000 00296nam a2200121Ia 4500
008 240624s9999 xx 000 0 und d
041 _aeng
082 _a658.401 WAI
100 _aWAISBERG DANIEL
245 _aGOOGLE ANALYTICS INTEGRATIONS
260 _c2015
_aNew Delhi
_bWiley
365 _cRS
_b33
999 _c26469
_d26469